| 000 | 00399nam a2200169Ia 4500 | ||
|---|---|---|---|
| 008 | 230718s9999 xx 000 0 und d | ||
| 041 | _aeng | ||
| 082 |
_a620.106 _bWHI |
||
| 100 | _aWhite F.M. | ||
| 245 | _aFluid Mechanics | ||
| 250 | _a6th ed. | ||
| 260 | _bTata Mc-graw Hill Pub. | ||
| 300 | _a794 | ||
| 365 |
_cRs. _b450.00 |
||
| 700 | _aWhite F.M. | ||
| 906 |
_dB:86026-Oct-2007 _cMECH _b90 |
||
| 999 |
_c317815 _d317815 |
||